000 00395nam a22001337a 4500
020 _a9781630816315
082 _a621.38412
_bDON
100 _aDong, Mouqun
245 _aRF Circuits and Applications for Practicing Engineers /
_cMouqun Dong
260 _aBoston :
_bArtech House,
_c2021.
300 _a354p. ;
_c24 cm.
942 _2ddc
_cBK
999 _c588475
_d588475